Catálogo
 En Linea

Computadoras y sentido común : (Registro nro. 1758)

Detalles MARC
000 -CABECERA
campo de control de longitud fija 00810cam a2200229 a 4500
001 - NÚMERO DE CONTROL
campo de control 000001883
005 - FECHA Y HORA DE LA ÚLTIMA TRANSACCIÓN
campo de control 20240513195941.0
008 - DATOS DE LONGITUD FIJA--INFORMACIÓN GENERAL
campo de control de longitud fija 720420s1971 ag b 001 0 spa
040 ## - FUENTE DE LA CATALOGACIÓN
Centro catalogador/agencia de origen DO-SdBNP
Lengua de catalogación spa
Centro/agencia transcriptor BNPHU
041 17 - CÓDIGO DE LENGUA
Código de lengua del texto/banda sonora o título independiente spa
Código de lengua original eng
082 ## - NÚMERO DE LA CLASIFICACIÓN DECIMAL DEWEY
Número de clasificación 003.5
Número de documento/Ítem T222c
100 1# - ENTRADA PRINCIPAL--NOMBRE DE PERSONA
Nombre de persona Taube, Mortimer,
Fechas asociadas al nombre 1910-1965.
9 (RLIN) 6150
240 10 - TÍTULO UNIFORME
Título uniforme Thinking Machines.
Lenguaje de la obra Español
245 10 - MENCIÓN DE TÍTULO
Título Computadoras y sentido común :
Resto del título el mito de las máquinas pensantes /
Mención de responsabilidad, etc. Mortimer Taube; traductor, Carlos Alberto Viñuales.
260 ## - PUBLICACIÓN, DISTRIBUCIÓN, ETC.
Lugar de publicación, distribución, etc. Buenos Aires :
Nombre del editor, distribuidor, etc. Géminis,
Fecha de publicación, distribución, etc. 1971.
300 ## - DESCRIPCIÓN FÍSICA
Extensión 172 p. ;
Dimensiones 21 cm.
534 ## - NOTA SOBRE LA VERSIÓN ORIGINAL
Encabezamiento principal del original Título original:
Mención de título del original Thinking Machines.
504 ## - NOTA DE BIBLIOGRAFÍA, ETC.
Nota de bibliografía, etc. Incluye referencias bibliográficas.
650 #4 - PUNTO DE ACCESO ADICIONAL DE MATERIA--TÉRMINO DE MATERIA
Término de materia o nombre geográfico como elemento de entrada Cibernética
9 (RLIN) 6151
650 #0 - PUNTO DE ACCESO ADICIONAL DE MATERIA--TÉRMINO DE MATERIA
Término de materia o nombre geográfico como elemento de entrada Inteligencia artificial
9 (RLIN) 6152
700 1# - PUNTO DE ACCESO ADICIONAL--NOMBRE DE PERSONA
Nombre de persona Viñuales, Carlos Alberto,
Término indicativo de función/relación trad.
9 (RLIN) 6153
Existencias
Estado de retiro Estado de pérdida Restricciones de uso No para préstamo Código de colección Localización permanente Ubicación/localización actual Ubicación en estantería Fecha de adquisición Número de inventario Total de préstamos Signatura topográfica completa Código de barras Fecha visto por última vez Precio válido a partir de Tipo de ítem Koha
    Préstamo interno   Monografías: Libros y Folletos General General En catalogación 06.07.2009 LF1   003.5 T222c 1883-10 25.06.2020 25.06.2020 Préstamo interno

Con tecnología Koha